Theory and practice of engineering Chemistry (Record no. 4523)
[ view plain ]
| 000 -LEADER | |
|---|---|
| fixed length control field | 00373nam a2200145Ia 4500 |
| 008 - FIXED-LENGTH DATA ELEMENTS--GENERAL INFORMATION | |
| fixed length control field | 230711s9999||||xx |||||||||||||| ||und|| |
| 041 ## - LANGUAGE CODE | |
| Language code of text/sound track or separate title | ENG |
| 082 ## - DEWEY DECIMAL CLASSIFICATION NUMBER | |
| Classification number | 540 |
| Item number | CH-E |
| 100 ## - MAIN ENTRY--PERSONAL NAME | |
| Personal name | Chawla,Shashi |
| 245 #0 - TITLE STATEMENT | |
| Title | Theory and practice of engineering Chemistry |
| 250 ## - EDITION STATEMENT | |
| Edition statement | 1st Ed. |
| 260 ## - PUBLICATION, DISTRIBUTION, ETC. | |
| Date of publication, distribution, etc. | 2006 |
| Place of publication, distribution, etc. | New Delhi |
| Name of publisher, distributor, etc. | Dhanpat Rai & Co.(Pvt.)Ltd. |
| 650 ## - SUBJECT ADDED ENTRY--TOPICAL TERM | |
| Topical term or geographic name entry element | Chemistry |
| 942 ## - ADDED ENTRY ELEMENTS (KOHA) | |
| Koha item type | Book |
| Withdrawn status | Lost status | Damaged status | Not for loan | Collection | Home library | Current library | Date acquired | Total checkouts | Full call number | Barcode | Date last seen | Price effective from | Koha item type | Date last checked out |
|---|---|---|---|---|---|---|---|---|---|---|---|---|---|---|
| MRSPTU Central Library | MRSPTU Central Library | 540 CH-E | 15488 | 08/17/2023 | 08/17/2023 | Book | ||||||||
| MRSPTU Central Library | MRSPTU Central Library | 540 CH-E | 15489 | 08/17/2023 | 08/17/2023 | Book | ||||||||
| MRSPTU Central Library | MRSPTU Central Library | 540 CH-E | 15490 | 08/17/2023 | 08/17/2023 | Book | ||||||||
| MRSPTU Central Library | MRSPTU Central Library | 5 | 540 CH-E | 15491 | 12/23/2025 | 08/17/2023 | Book | 12/19/2025 | ||||||
| MRSPTU Central Library | MRSPTU Central Library | 1 | 540 CH-E | 15492 | 09/17/2024 | 08/17/2023 | Book | 02/08/2024 | ||||||
| MRSPTU Central Library | MRSPTU Central Library | 540 CH-E | 15493 | 08/17/2023 | 08/17/2023 | Book | ||||||||
| MRSPTU Central Library | MRSPTU Central Library | 540 CH-E | 15494 | 08/17/2023 | 08/17/2023 | Book | ||||||||
| MRSPTU Central Library | MRSPTU Central Library | 3 | 540 CH-E | 15495 | 05/29/2025 | 08/17/2023 | Book | 05/21/2025 | ||||||
| MRSPTU Central Library | MRSPTU Central Library | 2 | 540 CH-E | 15496 | 01/09/2026 | 08/17/2023 | Book | 12/22/2025 | ||||||
| MRSPTU Central Library | MRSPTU Central Library | 540 CH-E | 15497 | 08/17/2023 | 08/17/2023 | Book |
